[Event "Woerishofen sen 2016"]
[Site "Bad Woerishofen"]
[Date "2016.03.03"]
[Round "7.29"]
[White "Dallmeier, Gerhard"]
[Black "Krotofil, Kurt"]
[Result "0-1"]
[WhiteElo "1841"]
[BlackElo "1987"]
[PlyCount "48"]
[EventDate "2016.02.26"]
[EventType "swiss"]
[EventCountry "GER"]
[WhiteTeam "Weissenfels Roland"]
[BlackTeam "Niendorfer TSV"]
[WhiteTeamCountry "GER"]
[BlackTeamCountry "GER"]

1. e4 c5 2. Nf3 Nc6 3. d4 cxd4 4. Nxd4 Nf6 5. Nc3 e5 6. Ndb5 d6 7. Bg5 a6 8.
Na3 b5 9. Bxf6 gxf6 10. Nd5 f5 11. Bd3 Be6 12. O-O Bg7 13. c4 O-O 14. exf5 Bxd5
15. cxd5 Nd4 16. Be4 Qg5 17. Nc2 Nxf5 18. Qd3 Nh4 19. Bxh7+ Kh8 20. Qg3 Qh6 21.
Bd3 f5 22. f4 e4 23. Be2 Bxb2 24. Rad1 Rg8 0-1

[Event "Woerishofen sen 2016"]
[Site "Bad Woerishofen"]
[Date "2016.03.03"]
[Round "7.30"]
[White "Oppermann, Peter"]
[Black "Blosze, Winfried"]
[Result "1/2-1/2"]
[WhiteElo "1933"]
[BlackElo "1846"]
[PlyCount "42"]
[EventDate "2016.02.26"]
[EventType "swiss"]
[EventCountry "GER"]
[WhiteTeam "Harzburg Bad SK"]
[BlackTeam "Grossauheim SV"]
[WhiteTeamCountry "GER"]
[BlackTeamCountry "GER"]

1. d4 Nf6 2. Nf3 g6 3. c4 Bg7 4. Nc3 d5 5. cxd5 Nxd5 6. e4 Nxc3 7. bxc3 O-O 8.
Be2 c5 9. O-O Nc6 10. Be3 Qa5 11. Qb3 cxd4 12. cxd4 Qb4 13. Rab1 Qxb3 14. Rxb3
Rd8 15. Rd1 b6 16. Rc3 Bb7 17. Rcc1 Rac8 18. a3 Na5 19. e5 Rxc1 20. Rxc1 Rc8
21. Rxc8+ Bxc8 1/2-1/2

[Event "Woerishofen sen 2016"]
[Site "Bad Woerishofen"]
[Date "2016.03.03"]
[Round "7.31"]
[White "Felger, Karl"]
[Black "Aigner, Georg"]
[Result "0-1"]
[WhiteElo "1813"]
[BlackElo "1932"]
[PlyCount "82"]
[EventDate "2016.02.26"]
[EventType "swiss"]
[EventCountry "GER"]
[WhiteTeam "Schorndorf Schachmatt"]
[BlackTeam "Taufkirchen SC"]
[WhiteTeamCountry "GER"]
[BlackTeamCountry "GER"]

1. d4 Nf6 2. f4 g6 3. Nf3 Bg7 4. Nc3 d6 5. e4 Nbd7 6. Bd3 O-O 7. O-O e5 8. dxe5
dxe5 9. f5 Qe7 10. Bg5 h6 11. Nd5 Qc5+ 12. Be3 Qd6 13. Nxf6+ Nxf6 14. fxg6 fxg6
15. Qe2 Nh5 16. Rad1 Qe7 17. Qd2 Kh7 18. Qc3 Bg4 19. Bc5 Qe6 20. Bxf8 Rxf8 21.
Bc4 Qe7 22. a3 Bxf3 23. Rxf3 Rxf3 24. gxf3 Qg5+ 25. Kh1 Nf4 26. Bf1 c6 27. Qd2
Qh4 28. Qe1 Qe7 29. b4 c5 30. c4 Ne6 31. Rd5 b6 32. b5 Nd4 33. Qg3 Qf7 34. Kg2
h5 35. a4 Ne6 36. Kh1 Nd4 37. Bg2 Ne6 38. h3 Nf4 39. Rd1 Qxc4 40. Bf1 Qxa4 41.
Qf2 Qxd1 0-1

[Event "Woerishofen sen 2016"]
[Site "Bad Woerishofen"]
[Date "2016.03.03"]
[Round "7.32"]
[White "Braun, Erhard"]
[Black "Roth, Heinz Georg"]
[Result "0-1"]
[WhiteElo "1932"]
[BlackElo "1823"]
[PlyCount "82"]
[EventDate "2016.02.26"]
[EventType "swiss"]
[EventCountry "GER"]
[WhiteTeam "Heusweiler SC"]
[BlackTeam "Lindau SC"]
[WhiteTeamCountry "GER"]
[BlackTeamCountry "GER"]

1. e4 e5 2. Nf3 Nf6 3. Nc3 d6 4. b3 Be7 5. Bb2 O-O 6. h3 c6 7. d3 Nbd7 8. Be2
Qc7 9. O-O a6 10. Nh2 Re8 11. f4 exf4 12. Bf3 Ne5 13. Qd2 Bd7 14. Rae1 Rad8 15.
Qxf4 d5 16. exd5 Bd6 17. Qd2 Nxf3+ 18. Nxf3 Nh5 19. Ne4 Bf4 20. Qc3 Qb6+ 21. d4
cxd5 22. Nc5 Bxh3 23. Ne5 Bf5 24. Rxf4 Nxf4 25. Qf3 g5 26. g3 Be4 27. Nxe4 Rxe5
28. gxf4 Rxe4 29. Rxe4 dxe4 30. Qg2 Qg6 31. fxg5 Rd5 32. Bc1 Rxd4 33. Qg4 f5
34. Qe2 Qd6 35. Kg2 Kf7 36. Qh5+ Qg6 37. Qe2 b5 38. Be3 Rd7 39. a4 bxa4 40.
Qc4+ Qe6 41. Qxa4 f4 0-1

[Event "Woerishofen sen 2016"]
[Site "Bad Woerishofen"]
[Date "2016.03.03"]
[Round "7.33"]
[White "Neumann, Erwin"]
[Black "Taufratshofer, Martin"]
[Result "0-1"]
[WhiteElo "1870"]
[BlackElo "2009"]
[PlyCount "72"]
[EventDate "2016.02.26"]
[EventType "swiss"]
[EventCountry "GER"]
[WhiteTeam "Schwaebisch Hall SK"]
[BlackTeam "Oberguenzburg SK"]
[WhiteTeamCountry "GER"]
[BlackTeamCountry "GER"]

1. e4 g6 2. d4 Bg7 3. Nc3 d6 4. Nf3 a6 5. Be3 b5 6. Bd3 Bb7 7. h4 h6 8. Ne2 Nd7
9. Ng3 c5 10. c3 Ngf6 11. h5 g5 12. Nf5 Bf8 13. e5 dxe5 14. Nxe5 e6 15. Ng3
Bxg2 16. Rh2 Bb7 17. Qc2 Nxe5 18. dxe5 Ng4 19. O-O-O Qc7 20. Be4 Nxh2 21. Bxb7
Qxb7 22. Ne4 Be7 23. Nxc5 Qc6 24. Ne4 O-O 25. Rd6 Qb7 26. Bc5 Kg7 27. f4 Rfd8
28. fxg5 Bxg5+ 29. Nxg5 Qh1+ 30. Qd1 Qxd1+ 31. Kxd1 Rxd6+ 32. exd6 hxg5 33. Ke2
Ng4 34. Kf3 f5 35. Bb6 Kf7 36. d7 Ne5+ 0-1

[Event "Woerishofen sen 2016"]
[Site "Bad Woerishofen"]
[Date "2016.03.03"]
[Round "7.34"]
[White "Flockerzi, Armin"]
[Black "Winter, Bernd"]
[Result "0-1"]
[WhiteElo "1806"]
[BlackElo "1922"]
[PlyCount "110"]
[EventDate "2016.02.26"]
[EventType "swiss"]
[EventCountry "GER"]
[WhiteTeam "Koblenz VfR SC"]
[BlackTeam "Muenchen SK Siemens"]
[WhiteTeamCountry "GER"]
[BlackTeamCountry "GER"]

1. d4 Nf6 2. Nf3 g6 3. g3 Bg7 4. Bg2 O-O 5. Nbd2 d6 6. O-O Nbd7 7. e4 e5 8. d5
Nc5 9. Re1 a5 10. b3 Ne8 11. Ba3 f5 12. Bxc5 dxc5 13. c4 fxe4 14. Nxe4 Nd6 15.
Rc1 Nxe4 16. Rxe4 Bf5 17. Re2 e4 18. Nd2 Bg4 19. Bxe4 Bxe2 20. Qxe2 Qf6 21. Rc2
Rae8 22. Kg2 Qd4 23. f3 Bh6 24. Nf1 Kg7 25. h3 Kh8 26. Nh2 Qe3 27. Ng4 Qxe2+
28. Rxe2 Bg7 29. Ne3 Rf6 30. Nc2 c6 31. Ne3 cxd5 32. Nxd5 Rf7 33. h4 Bd4 34.
Nf4 Kg7 35. Nd5 Rd7 36. Nb6 Rd6 37. Nd5 b6 38. Nc7 Re5 39. f4 Re7 40. Nd5 Rf7
41. g4 h6 42. Kg3 h5 43. Bf3 hxg4 44. Kxg4 Kf8 45. Kg3 Rh7 46. Be4 Re6 47. Kg4
Bf6 48. Nxf6 Rxf6 49. Rd2 Rhf7 50. Rf2 Re7 51. Bd5 Re1 52. Kg3 Rg1+ 53. Kh3 g5
54. hxg5 Rxg5 55. Kh4 Rg7 0-1

[Event "Woerishofen sen 2016"]
[Site "Bad Woerishofen"]
[Date "2016.03.03"]
[Round "7.35"]
[White "Aust, Werner"]
[Black "Abegg, Beat"]
[Result "1/2-1/2"]
[WhiteElo "1786"]
[BlackElo "1914"]
[PlyCount "133"]
[EventDate "2016.02.26"]
[EventType "swiss"]
[EventCountry "GER"]
[WhiteTeam "Eichlinghofen SV"]
[BlackTeam "SUI"]
[WhiteTeamCountry "GER"]
[BlackTeamCountry "SUI"]

1. Nf3 Nf6 2. d4 e6 3. c4 b6 4. Nc3 Bb4 5. Bd2 Bb7 6. Qc2 O-O 7. e3 d6 8. Bd3
Nbd7 9. a3 Bxc3 10. Bxc3 c5 11. O-O-O Qc7 12. Kb1 h6 13. h3 d5 14. Rhe1 dxc4
15. Bxc4 Be4 16. Bd3 Bxd3 17. Qxd3 c4 18. Qc2 b5 19. e4 Rfe8 20. g3 Qb7 21. Nh4
a5 22. d5 exd5 23. Nf5 Nxe4 24. Bxg7 Re6 25. Bxh6 b4 26. Be3 bxa3 27. Bd4 Nec5
28. Rxe6 fxe6 29. Nh6+ Kf8 30. Qg6 a2+ 31. Ka1 Nb3+ 32. Kxa2 Ndc5 33. Qf6+ Ke8
34. Qh8+ Kd7 35. Qg7+ Kc6 36. Qxb7+ Nxb7 37. Be5 Rf8 38. f4 Nd6 39. h4 Nf5 40.
Nxf5 exf5 41. Kb1 Nc5 42. Bc3 a4 43. Bb4 Rg8 44. Bxc5 Kxc5 45. Rg1 d4 46. h5
Rh8 47. Rh1 Rh6 48. Kc2 Kd5 49. Kd2 Ke4 50. Re1+ Kf3 51. Rc1 Rc6 52. h6 Rxh6
53. Rxc4 Ke4 54. Rxa4 Rh2+ 55. Kc1 Rg2 56. Ra3 d3 57. b4 Rxg3 58. Ra5 Kxf4 59.
b5 Ke3 60. b6 Rg1+ 61. Kb2 Rg8 62. Rxf5 Rb8 63. Re5+ Kd4 64. Re6 Kd5 65. Rh6
Kc5 66. Kc3 Rd8 67. Kd2 1/2-1/2

[Event "Woerishofen sen 2016"]
[Site "Bad Woerishofen"]
[Date "2016.03.03"]
[Round "7.36"]
[White "Collins, Alan"]
[Black "Trefzer, Erhard"]
[Result "0-1"]
[WhiteElo "1753"]
[BlackElo "1897"]
[PlyCount "80"]
[EventDate "2016.02.26"]
[EventType "swiss"]
[EventCountry "GER"]
[WhiteTeam "ENG"]
[BlackTeam "Besigheim SV"]
[WhiteTeamCountry "ENG"]
[BlackTeamCountry "GER"]

1. c4 Nf6 2. Nc3 c5 3. g3 Nc6 4. Nf3 g6 5. Bg2 Bg7 6. O-O O-O 7. a3 d5 8. cxd5
Nxd5 9. Nxd5 Qxd5 10. d3 Qd6 11. Rb1 e5 12. Be3 Nd4 13. Nxd4 cxd4 14. Bd2 Qb6
15. Qa4 Bg4 16. Ba5 Qa6 17. f3 Be6 18. b3 Rac8 19. Bb4 Qxa4 20. bxa4 Rfe8 21.
Rbc1 Bh6 22. Rxc8 Be3+ 23. Kh1 Bxc8 24. h4 Bd7 25. a5 Bc6 26. Rb1 a6 27. Bh3 f5
28. Bg2 Kf7 29. Rb2 Rd8 30. Rc2 Rd7 31. Kh2 h5 32. Bh3 Kf6 33. Bd2 Ba4 34. Rb2
Bxd2 35. Rxd2 Rd5 36. Rb2 Bc6 37. g4 Rxa5 38. gxh5 gxh5 39. Kg3 Rxa3 40. f4 e4
0-1

[Event "Woerishofen sen 2016"]
[Site "Bad Woerishofen"]
[Date "2016.03.03"]
[Round "7.38"]
[White "Klimpel, Siegfried"]
[Black "Schweitzer, Paul"]
[Result "1-0"]
[WhiteElo "1855"]
[BlackElo "1652"]
[PlyCount "71"]
[EventDate "2016.02.26"]
[EventType "swiss"]
[EventCountry "GER"]
[WhiteTeam "Kareth Lappersdorf TSV"]
[BlackTeam "Zehlendorf SK"]
[WhiteTeamCountry "GER"]
[BlackTeamCountry "GER"]

1. e4 b6 2. d4 Bb7 3. Bd3 e6 4. Nf3 Bb4+ 5. c3 Be7 6. O-O c5 7. Be3 c4 8. Bc2
Nf6 9. Nbd2 b5 10. h3 h6 11. Bb1 g5 12. e5 Nd5 13. Ne4 Qb6 14. Nfd2 Nc6 15. b3
Nxe3 16. fxe3 Nxe5 17. bxc4 bxc4 18. Qe2 Nd3 19. Nxc4 Qc7 20. Bxd3 Bxe4 21.
Bxe4 d5 22. Bxd5 exd5 23. Ne5 O-O 24. Rac1 Bd6 25. Ng4 Kg7 26. Nf6 Qc4 27. Qc2
Rh8 28. Nh5+ Kg8 29. Qf5 Qc7 30. Nf6+ Kg7 31. Nxd5 Qb7 32. c4 Rae8 33. c5 Be5
34. c6 Bh2+ 35. Kxh2 Qb8+ 36. c7 1-0

[Event "Woerishofen sen 2016"]
[Site "Bad Woerishofen"]
[Date "2016.03.03"]
[Round "7.39"]
[White "Kurpiela, Franz"]
[Black "Blutharsch, Walter"]
[Result "0-1"]
[WhiteElo "1722"]
[BlackElo "1854"]
[PlyCount "98"]
[EventDate "2016.02.26"]
[EventType "swiss"]
[EventCountry "GER"]
[WhiteTeam "Oehringen TSG"]
[BlackTeam "Sindelfingen VfL"]
[WhiteTeamCountry "GER"]
[BlackTeamCountry "GER"]

1. e4 e5 2. Nf3 Nc6 3. Bb5 a6 4. Ba4 Nf6 5. d3 d6 6. Bxc6+ bxc6 7. Bg5 Be7 8.
O-O O-O 9. Nbd2 Rb8 10. b3 Bg4 11. h3 Be6 12. d4 h6 13. Bh4 exd4 14. Nxd4 Bd7
15. Qe2 Nh7 16. Bxe7 Qxe7 17. Qxa6 Qg5 18. N4f3 Qf4 19. Rfe1 Rb5 20. Qa7 Ng5
21. Re3 Ne6 22. Rd1 Rh5 23. g3 Qf6 24. h4 c5 25. e5 dxe5 26. Ne4 Qe7 27. Qa6
Nd4 28. Qd3 Nxf3+ 29. Rxf3 Bg4 30. Rd2 f5 31. Qd5+ Kh8 32. Rc3 fxe4 33. Qxe4
Qe6 34. a4 Bf5 35. Qe2 Qg6 36. Kh2 Be4 37. f3 Ba8 38. Qd1 e4 39. f4 Rhf5 40.
Rd8 Qf6 41. Rxf8+ Qxf8 42. Re3 Rd5 43. Qe1 Qd6 44. Rxe4 Rd1 45. Re8+ Kh7 46.
Rh8+ Kxh8 47. Qe8+ Kh7 48. Qxa8 Rd2+ 49. Kh3 Qe6+ 0-1

[Event "Woerishofen sen 2016"]
[Site "Bad Woerishofen"]
[Date "2016.03.03"]
[Round "7.40"]
[White "Hager, Eberhard"]
[Black "Zwetz, Anita"]
[Result "1-0"]
[WhiteElo "1745"]
[BlackElo "1864"]
[PlyCount "91"]
[EventDate "2016.02.26"]
[EventType "swiss"]
[EventCountry "GER"]
[WhiteTeam "Friedberg SC"]
[BlackTeam "Kareth Lappersdorf TSV"]
[WhiteTeamCountry "GER"]
[BlackTeamCountry "GER"]

1. e4 e6 2. d4 d5 3. exd5 exd5 4. Nf3 Nf6 5. Bd3 Be7 6. O-O O-O 7. h3 c5 8. c3
Nc6 9. a3 Re8 10. Re1 h6 11. dxc5 Bxc5 12. Rxe8+ Qxe8 13. Bb5 a6 14. Bxc6 bxc6
15. Nbd2 Ba7 16. Nf1 Bd7 17. Be3 c5 18. b4 Qe7 19. Qc2 Be6 20. Ng3 Rc8 21. Qe2
Qb7 22. Rb1 a5 23. Qf1 Qc7 24. Rc1 Ne4 25. Nxe4 dxe4 26. Ne1 Bb8 27. g3 Qd7 28.
Kh2 cxb4 29. cxb4 Rxc1 30. Bxc1 axb4 31. axb4 g5 32. Be3 Qd1 33. b5 Qh5 34. b6
g4 35. Qg2 Bd5 36. Nc2 Kh7 37. Nd4 f5 38. Ne2 Bb7 39. Nf4 Qf7 40. h4 Qb3 41.
Qf1 Qa4 42. Qc1 Qb5 43. Qa3 Qe8 44. Qc5 Qf7 45. Qd4 Qe6 46. Nxe6 1-0

[Event "Woerishofen sen 2016"]
[Site "Bad Woerishofen"]
[Date "2016.03.03"]
[Round "7.41"]
[White "Winter, Reinhold"]
[Black "Huhn, Ulrich"]
[Result "0-1"]
[WhiteElo "1748"]
[BlackElo "1873"]
[PlyCount "114"]
[EventDate "2016.02.26"]
[EventType "swiss"]
[EventCountry "GER"]
[WhiteTeam "Neuenkirchen SF"]
[BlackTeam "Siemensstadt SF"]
[WhiteTeamCountry "GER"]
[BlackTeamCountry "GER"]

1. c4 Nf6 2. d4 c6 3. Nc3 d5 4. cxd5 Nxd5 5. g3 Nxc3 6. bxc3 Bf5 7. Bg2 e6 8.
Nf3 Be7 9. O-O h6 10. Ne5 Nd7 11. Nxd7 Qxd7 12. e4 Bh7 13. a4 Rd8 14. Qb3 O-O
15. Ba3 Bxa3 16. Qxa3 Qd6 17. Qb3 Qc7 18. Rab1 b6 19. Rb2 c5 20. Qc4 Rc8 21. d5
exd5 22. exd5 Rfe8 23. Rd1 Qd6 24. Qa6 Rc7 25. a5 Rb8 26. axb6 Rxb6 27. Rxb6
Qxb6 28. Qxb6 axb6 29. d6 Rd7 30. Bc6 Rd8 31. Re1 Bf5 32. Re8+ Rxe8 33. Bxe8
Kf8 34. d7 Ke7 35. d8=Q+ Kxd8 36. Bxf7 b5 37. Kf1 Ke7 38. Ba2 b4 39. cxb4 cxb4
40. Ke2 Bc2 41. Bc4 Kd6 42. Kd2 Kc5 43. Bf7 Be4 44. f4 Kd4 45. g4 Bd5 46. Bg6
b3 47. g5 hxg5 48. fxg5 Be4 49. Bf7 b2 50. Ba2 g6 51. Ke2 b1=Q 52. Bxb1 Bxb1
53. Kf3 Ke5 54. h4 Bc2 55. Kg4 Bd1+ 56. Kg3 Kf5 57. Kh3 Kf4 0-1

[Event "Woerishofen sen 2016"]
[Site "Bad Woerishofen"]
[Date "2016.03.03"]
[Round "7.42"]
[White "Erdmann, Wolfgang"]
[Black "Lubberich, Alfred"]
[Result "1/2-1/2"]
[WhiteElo "1729"]
[BlackElo "1848"]
[PlyCount "48"]
[EventDate "2016.02.26"]
[EventType "swiss"]
[EventCountry "GER"]
[WhiteTeam "Altstadt SC Roter Turm"]
[BlackTeam "Nettetal SG"]
[WhiteTeamCountry "GER"]
[BlackTeamCountry "GER"]

1. d4 d5 2. Nf3 Nf6 3. e3 e6 4. Bd3 b6 5. O-O Be7 6. Qe2 Bb7 7. Re1 O-O 8. Nbd2
c5 9. c3 Nbd7 10. e4 dxe4 11. Nxe4 Nxe4 12. Bxe4 Bxe4 13. Qxe4 Nf6 14. Qe2 cxd4
15. Nxd4 Bc5 16. Rd1 Qc8 17. Bf4 Rd8 18. Nf3 Nd5 19. Bg3 Be7 20. Rd3 b5 21. a3
Bf6 22. Qd2 Nb6 23. Rd1 Rxd3 24. Qxd3 Qd8 1/2-1/2

[Event "Woerishofen sen 2016"]
[Site "Bad Woerishofen"]
[Date "2016.03.03"]
[Round "7.43"]
[White "Aufmwasser, Guenter"]
[Black "Oser, Thor"]
[Result "1/2-1/2"]
[WhiteElo "1701"]
[BlackElo "1838"]
[PlyCount "29"]
[EventDate "2016.02.26"]
[EventType "swiss"]
[EventCountry "GER"]
[WhiteTeam "Hilden SV"]
[BlackTeam "Joehlingen SK"]
[WhiteTeamCountry "GER"]
[BlackTeamCountry "GER"]

1. f4 g6 2. Nf3 f5 3. e3 Bg7 4. d4 d5 5. Nbd2 Nf6 6. Ne5 Ne4 7. Be2 Nxd2 8.
Bxd2 Nd7 9. Nd3 e6 10. O-O b6 11. Nf2 O-O 12. Qe1 Nf6 13. Kh1 a5 14. Rg1 Ba6
15. Rc1 1/2-1/2

[Event "Woerishofen sen 2016"]
[Site "Bad Woerishofen"]
[Date "2016.03.03"]
[Round "7.44"]
[White "Kumeth, Hartmut"]
[Black "Eigenmann, Christina"]
[Result "1/2-1/2"]
[WhiteElo "1833"]
[BlackElo "1759"]
[PlyCount "84"]
[EventDate "2016.02.26"]
[EventType "swiss"]
[EventCountry "GER"]
[WhiteTeam "Oldenburg SK"]
[BlackTeam "SUI"]
[WhiteTeamCountry "GER"]
[BlackTeamCountry "SUI"]

1. d4 d5 2. e4 dxe4 3. Nc3 Nf6 4. Bg5 Nbd7 5. f3 c6 6. fxe4 Qa5 7. Bd2 Qc7 8.
e5 Nd5 9. Nf3 e6 10. Bd3 N7b6 11. Nxd5 cxd5 12. O-O Be7 13. Bg5 h6 14. Bh4 Nc4
15. Bxc4 dxc4 16. Bxe7 Qxe7 17. Qe2 b5 18. a4 O-O 19. axb5 Qb4 20. c3 Qxb5 21.
b4 Bb7 22. Ra5 Bxf3 23. Qxf3 Qd7 24. Rfa1 Rfc8 25. Ra6 Qd5 26. Rxa7 Rxa7 27.
Rxa7 Qxf3 28. gxf3 g5 29. Kf2 Kg7 30. Ra5 f5 31. d5 exd5 32. Rxd5 f4 33. Rd6 h5
34. b5 Rc5 35. Rd7+ Kg6 36. b6 Rxe5 37. Rc7 Rb5 38. Rxc4 Rb2+ 39. Kg1 Rxb6 40.
h4 Rb1+ 41. Kg2 Rb2+ 42. Kg1 Rb1+ 1/2-1/2

[Event "Woerishofen sen 2016"]
[Site "Bad Woerishofen"]
[Date "2016.03.03"]
[Round "7.45"]
[White "Thielemann, Joachim"]
[Black "Sand, Rosemarie"]
[Result "1/2-1/2"]
[WhiteElo "1811"]
[BlackElo "1723"]
[PlyCount "95"]
[EventDate "2016.02.26"]
[EventType "swiss"]
[EventCountry "GER"]
[WhiteTeam "Eutin SV"]
[BlackTeam "Tuebingen SV"]
[WhiteTeamCountry "GER"]
[BlackTeamCountry "GER"]

1. e4 c5 2. Nc3 a6 3. g3 b5 4. Bg2 Bb7 5. a3 e6 6. d3 Nf6 7. Nh3 d6 8. O-O Nc6
9. Re1 Be7 10. f4 O-O 11. Be3 d5 12. e5 d4 13. exf6 Bxf6 14. Ne4 dxe3 15. Nxf6+
Qxf6 16. c3 Rad8 17. Rxe3 Rd7 18. Qc2 Qd8 19. Ng5 h6 20. Ne4 Qb6 21. Nf2 Ne7
22. Ng4 Bxg2 23. Qxg2 Rfd8 24. Ne5 Rd6 25. Rd1 Qc7 26. Qf3 Nc6 27. Kf2 Nxe5 28.
fxe5 Rd5 29. Qe4 Qe7 30. h4 a5 31. Ke2 b4 32. axb4 cxb4 33. cxb4 axb4 34. Rc1
Rd4 35. Qc6 Qa7 36. Qc7 Qa2 37. Rc2 Qd5 38. Rf3 Rxd3 39. Qxf7+ Kh7 40. Qf4 Rxf3
41. Qxf3 Qxe5+ 42. Kf1 Qd4 43. Rf2 Rd5 44. Qe2 Rf5 45. Rxf5 exf5 46. h5 b3 47.
Kg2 Qc5 48. Qe6 1/2-1/2

[Event "Woerishofen sen 2016"]
[Site "Bad Woerishofen"]
[Date "2016.03.03"]
[Round "7.46"]
[White "Alefs, Heinz"]
[Black "Juenger, Leonhard"]
[Result "0-1"]
[WhiteElo "2016"]
[BlackElo "1807"]
[PlyCount "71"]
[EventDate "2016.02.26"]
[EventType "swiss"]
[EventCountry "GER"]
[WhiteTeam "Eichenau SC"]
[BlackTeam "Aachener SV"]
[WhiteTeamCountry "GER"]
[BlackTeamCountry "GER"]

1. c4 e5 2. g3 Nf6 3. Nc3 Bb4 4. Bg2 Bxc3 5. bxc3 O-O 6. Nf3 Re8 7. d4 e4 8.
Nd2 d6 9. O-O Nc6 10. f3 exf3 11. exf3 Bf5 12. Re1 Rxe1+ 13. Qxe1 Qd7 14. Ba3
Re8 15. Qf2 h6 16. Re1 b6 17. Ne4 Nxe4 18. fxe4 Bg6 19. Bc1 Na5 20. c5 dxc5 21.
dxc5 Nc4 22. Qc2 Ne5 23. cxb6 cxb6 24. Rd1 Qc7 25. Bb2 Nc4 26. Bc1 Ne5 27. Bb2
Qc5+ 28. Kh1 Qc4 29. Qd2 Bxe4 30. Re1 Nd3 31. Re2 Nxb2 32. Bxe4 Rxe4 33. Rxe4
Qxe4+ 34. Kg1 Nd3 35. Qd1 Qe1+ 36. Qxe1 0-1

[Event "Woerishofen sen 2016"]
[Site "Bad Woerishofen"]
[Date "2016.03.03"]
[Round "7.47"]
[White "Mircoli, Filippo"]
[Black "Dombrowe, Eckehard"]
[Result "1-0"]
[WhiteElo "1611"]
[BlackElo "1793"]
[PlyCount "49"]
[EventDate "2016.02.26"]
[EventType "swiss"]
[EventCountry "GER"]
[WhiteTeam "ITA"]
[BlackTeam "Nettetal SG"]
[WhiteTeamCountry "ITA"]
[BlackTeamCountry "GER"]

1. d4 d5 2. Nf3 Nf6 3. e3 e6 4. Nbd2 c5 5. c3 Nc6 6. Bd3 c4 7. Bc2 g6 8. e4
dxe4 9. Nxe4 Be7 10. O-O Nxe4 11. Bxe4 Bd7 12. Qe2 b5 13. Bh6 Bf8 14. Bxf8 Kxf8
15. Ne5 Qc7 16. f4 Kg7 17. Qf3 Rac8 18. a4 Nxe5 19. fxe5 bxa4 20. Qxf7+ Kh6 21.
Qf4+ g5 22. Qf6+ Kh5 23. h3 Rcf8 24. Bf3+ g4 25. Bxg4# 1-0

[Event "Woerishofen sen 2016"]
[Site "Bad Woerishofen"]
[Date "2016.03.03"]
[Round "7.50"]
[White "Fuchs, Joachim"]
[Black "Straesser, Gerda"]
[Result "1/2-1/2"]
[WhiteElo "1884"]
[BlackElo "1696"]
[PlyCount "46"]
[EventDate "2016.02.26"]
[EventType "swiss"]
[EventCountry "GER"]
[WhiteTeam "Starnberg SC"]
[BlackTeam "Rottweil SV"]
[WhiteTeamCountry "GER"]
[BlackTeamCountry "GER"]

1. d4 Nf6 2. c4 e6 3. Nc3 d5 4. e3 Be7 5. Bd3 O-O 6. Nf3 Nbd7 7. c5 c6 8. Qc2
b6 9. b4 a5 10. Qa4 Bb7 11. b5 Rc8 12. Bd2 bxc5 13. bxc6 Bxc6 14. Bb5 Nb6 15.
Qc2 Bxb5 16. Nxb5 cxd4 17. Qb3 Nc4 18. exd4 Nxd2 19. Nxd2 Bb4 20. a3 Bxd2+ 21.
Kxd2 Ne4+ 22. Ke2 Qb6 23. a4 Rc4 1/2-1/2

[Event "Woerishofen sen 2016"]
[Site "Bad Woerishofen"]
[Date "2016.03.03"]
[Round "7.52"]
[White "Mahrla, Hans"]
[Black "Mueller, Dieter"]
[Result "1-0"]
[WhiteElo "1820"]
[BlackElo "1701"]
[PlyCount "59"]
[EventDate "2016.02.26"]
[EventType "swiss"]
[EventCountry "GER"]
[WhiteTeam "Eichenau SC"]
[BlackTeam "-"]
[WhiteTeamCountry "GER"]

1. e4 d6 2. d4 Nf6 3. Bd3 g6 4. f4 Bg7 5. Nf3 O-O 6. O-O c6 7. c3 b5 8. Qe1
Nbd7 9. h3 a6 10. e5 dxe5 11. fxe5 Nd5 12. Nbd2 e6 13. Ne4 f6 14. exf6 N7xf6
15. Nxf6+ Nxf6 16. Bd2 g5 17. Ne5 Qd6 18. Qe2 Bd7 19. Rf2 Be8 20. Raf1 Bh5 21.
g4 Be8 22. Kg2 Qd5+ 23. Kg1 Ra7 24. h4 Nxg4 25. Rxf8+ Bxf8 26. Nxg4 Qd8 27.
hxg5 Be7 28. Qxe6+ Kh8 29. Qh6 Kg8 30. Qxh7# 1-0

[Event "Woerishofen sen 2016"]
[Site "Bad Woerishofen"]
[Date "2016.03.03"]
[Round "7.53"]
[White "Skibbe, Hannes"]
[Black "Wraga, Teresa"]
[Result "1/2-1/2"]
[WhiteElo "1766"]
[BlackElo "1687"]
[PlyCount "32"]
[EventDate "2016.02.26"]
[EventType "swiss"]
[EventCountry "GER"]
[WhiteTeam "Hessenstein TSV"]
[BlackTeam "Osnabrueck SG"]
[WhiteTeamCountry "GER"]
[BlackTeamCountry "GER"]

1. e4 d6 2. d4 Nf6 3. Nc3 g6 4. Nf3 Bg7 5. Be2 O-O 6. O-O Na6 7. Be3 c5 8. d5
Nc7 9. h3 Bd7 10. Ne1 b5 11. f3 b4 12. Nb1 Nfe8 13. Qc1 a5 14. Bh6 Bb5 15. Bxb5
Nxb5 16. Bxg7 Kxg7 1/2-1/2

[Event "Woerishofen sen 2016"]
[Site "Bad Woerishofen"]
[Date "2016.03.03"]
[Round "7.54"]
[White "Wagner, Gerhard"]
[Black "Schlemminger, Degenhard"]
[Result "1/2-1/2"]
[WhiteElo "1760"]
[BlackElo "1678"]
[PlyCount "93"]
[EventDate "2016.02.26"]
[EventType "swiss"]
[EventCountry "GER"]
[WhiteTeam "Windach SF"]
[BlackTeam "Reutlingen SV"]
[WhiteTeamCountry "GER"]
[BlackTeamCountry "GER"]

1. e4 e6 2. d4 d5 3. Nc3 Bb4 4. e5 c5 5. a3 Bxc3+ 6. bxc3 cxd4 7. cxd4 Nc6 8.
Nf3 Nge7 9. Bd3 Qa5+ 10. Bd2 Qa4 11. c3 Qxd1+ 12. Rxd1 Bd7 13. O-O Rc8 14. Ng5
h6 15. Nh3 Na5 16. Nf4 Nc4 17. Nh5 Kf8 18. Bxc4 Rxc4 19. Rb1 b6 20. Rb4 b5 21.
Rfb1 a6 22. Rxc4 dxc4 23. f4 Nd5 24. Ng3 f5 25. exf6 Nxf6 26. Re1 Kf7 27. Re5
h5 28. Re1 h4 29. Ne4 Nxe4 30. Rxe4 Rh5 31. Re5 Rf5 32. g4 hxg3 33. Rxf5+ exf5
34. hxg3 Ke6 35. Kf2 Kd5 36. Ke3 a5 37. Bc1 g6 38. Bb2 Be6 39. Ba1 Kc6 40. Bb2
Bd5 41. Kd2 b4 42. axb4 axb4 43. cxb4 Kb5 44. Kc3 Bc6 45. Ba3 Ka4 46. Bb2 Bd5
47. Bc1 1/2-1/2

[Event "Woerishofen sen 2016"]
[Site "Bad Woerishofen"]
[Date "2016.03.03"]
[Round "7.55"]
[White "Koch, Dieter"]
[Black "Wraga, Hermann"]
[Result "1-0"]
[WhiteElo "1747"]
[BlackElo "1667"]
[PlyCount "73"]
[EventDate "2016.02.26"]
[EventType "swiss"]
[EventCountry "GER"]
[WhiteTeam "-"]
[BlackTeam "Osnabrueck SG"]
[BlackTeamCountry "GER"]

1. d4 f5 2. Bg5 g6 3. e3 Bg7 4. Be2 Nf6 5. h4 h6 6. Bxf6 Bxf6 7. c3 d6 8. Qd3
e6 9. Nd2 Na6 10. Nh3 Bg7 11. Nf4 Qf6 12. h5 g5 13. Ng6 Rg8 14. e4 e5 15. Qb5+
c6 16. Qb3 Qf7 17. Bc4 d5 18. exd5 b5 19. Bxb5 cxb5 20. O-O Rb8 21. Rfe1 e4 22.
Nxe4 fxe4 23. Rxe4+ Kd8 24. Re7 Qxe7 25. Nxe7 Kxe7 26. d6+ Kf8 27. Qd5 Bd7 28.
Qf3+ Ke8 29. Re1+ Kd8 30. Qf7 Re8 31. Rxe8+ Bxe8 32. Qe7+ Kc8 33. Qxe8+ Kb7 34.
Qd7+ Kb6 35. Qxg7 Kc6 36. Qxh6 Rd8 37. d7+ 1-0